| 000 | 00706nam a2200193Ia 4500 | ||
|---|---|---|---|
| 003 | GCL | ||
| 008 | 140319s9999 xx 000 0 ara d | ||
| 040 |
_aGCL / _cGCL |
||
| 082 | 0 | 4 |
_a778.5347 _bب ك |
| 100 | 1 | _aفريد المزاوى | |
| 245 | 1 | 0 |
_aكيف تحرك الاشكال الكرتونية لافلام الهواه (هدية من الاديب عبد الفتاح الجمل) / _cفريد المزاوى |
| 700 | 1 | _aبرتون، س . هـ | |
| 700 | 1 | _aسعيد عبدربه (مترجم) | |
| 300 | _a152 ص | ||
| 490 |
_aالهيئة العامة للاستعلامات _v0 |
||
| 650 | 0 | 4 | _aالتصوير السينمائى |
| 650 | 0 | 4 | _aالرسوم المتحركة |
| 942 |
_2ddc _cBK |
||
| 999 |
_c46912 _d46912 |
||